000 03078cad a22003855a 4500
001 E151763
008 101207s2010 xxk 000 0 eng u
020 1 _a9781842194591
035 _a(Sirsi) u151763
041 0 _aeng
050 0 4 _a333.332 $2 18
110 2 _aRoyal Institution of Chartered Surveyors
_94900
245 0 0 _aRICS homebuyer report
_bEngland, Wales, Northern Ireland, Channel Islands and Isle of Man, RICS practice note
_h[archived]
250 _a4th ed.
260 _aCoventry
_bRICS
_c2010
300 _aiv, 84p.
_c30cm.
490 0 _aRICS Practice Notes
505 2 _aStatus of this practice notes -- Introduction -- Part A, the practice notes: professional obligations; requirements and scope of the RICS HomeBuyer Service; the contract; compiling the report, commentary and guidance -- Part B, the documentation: RICS Home Surveys Information Sheet; commentary on particular elements of the Description of the RICS HomeBuyer Service; description of the RICS HomeBuyer Service with the standard terms of engagement; ; leasehold properties advice; maintenance tips -- Part C, the report form and checklists: introduction to the report; about the inspection; overall opinion and summary of the condition ratings; about the property; outside the property; inside the property; services; grounds (including shared areas for flats); issues for your legal advisers; risks; valuation; surveyor's declaration; what to do now; description of the RICS HomeBuyer Service; typical house diagram -- Part D: appendices
520 _aAn updated practice note to accompany the 2010 HomeBuyer Report. The 4th edition of the practice notes includes: the practice notes; the report documentation, including information on choosing between surveys, a description of the RICS HomeBuyer Report Service and Standard Terms of Engagement, and leasehold properties advice; and the report form and checklists. Under the terms of UK Practice statement (UKPS) 4.1 in the 6th edition of the RICS Valuation Standards (the "Red Book"), surveyors accepting instructions to provide reports under the RICS HomeBuyer Service must comply with the conditions set out in this practice note. The practice notes is written to reflect the property law in England, Wales, Northern Ireland, the Channel Islands and the Isle of Man.
520 _aFor a sample copy of the HBR report, see E147101.
520 _aSupersedes 3rd edition (ISBN 9781842194591).
520 _aArchived 22 July 2016 Superseded by 5th edition ISBN 978178321152 (Practice statement)
521 _aAdvanced
590 _aKA
650 2 4 _aHOMEBUYERS REPORT
650 2 4 _aRICS VALUATION STANDARDS
651 4 _aEngland
_y886-
651 4 _aWales
_y2007-
651 4 _aNorthern Ireland
_y2007-
651 4 _aChannel Islands
651 4 _aIsle of Man
690 _aPROPERTY-RESIDENTIAL PROPERTY-RESIDENTIAL PROPERTY APPRAISAL AND VALUATION
856 4 1 _uhttps://www.isurv.com/downloads/file/2649/archive_homebuyer_report_2010_practice_note
_zArchived on isurv (subscription required)
942 _n0
_2ddc
999 _c111605
_d111605